|
|
|
|
| LEADER |
00000nam a22000007i 4500 |
| 001 |
CDOM0000003732 |
| 003 |
mi |
| 005 |
20250914091809.0 |
| 008 |
060614s2006 it |||||| ||||| |||||c |
| 040 |
|
|
|c mi
|
| 100 |
|
|
|a Afrika, Tatamkhulu
|
| 245 |
1 |
|
|a Paradiso amaro
|
| 260 |
|
|
|a Roma
|
| 942 |
|
|
|2 ddc
|c BK
|
| 952 |
|
|
|0 0
|1 0
|2 ddc
|4 0
|7 0
|9 6947
|a MI
|b MI
|d 2009-08-24
|i 5443
|l 0
|p CDOM5443
|r 2025-07-13 16:28:00
|w 2025-07-13
|x ACQUISTO
|y BK
|
| 952 |
|
|
|0 0
|1 0
|2 ddc
|4 0
|7 0
|9 6948
|a MI
|b MI
|d 2006-12-30
|i 5296
|l 0
|p CDOM5296
|r 2025-07-13 16:28:00
|w 2025-07-13
|x ACQUISTO
|y BK
|
| 999 |
|
|
|c 5671
|d 5671
|